| 000 | 00410 a2200133 4500 | ||
|---|---|---|---|
| 001 | 90986 | ||
| 082 | _aPR 1791 | ||
| 090 |
_c43127 _d43127 |
||
| 100 | _aMuhammad Owais; Prof Shahzad Arshad and Salman Aslam (Advisors) | ||
| 245 |
_aWireless Charging of Aerial Vehicle using Inductive Charging Technique _n76th 'B' EC |
||
| 260 |
_aRawalpindi _bNUST _c2014 |
||
| 300 | _axiv;107p | ||
| 500 | _aBE Project Reports | ||
| 942 |
_aCAE NUST _kPR 1791 |
||
| 999 |
_c326059 _d326059 |
||